100 Biggest Cities in Scandinavia - Statistics

General Stats
  • This quiz has been taken 361 times
  • The average score is 42 of 100
Answer Stats
Rank Population Country Answer % Correct
2 1,363,296 Denmark Copenhagen
100%
4 1,082,575 Norway Oslo
100%
3 674,500 Finland Helsinki
99%
1 1,593,426 Sweden Stockholm
99%
5 604,616 Sweden Gothenburg
97%
6 362,133 Sweden Malmö
97%
9 291,940 Norway Bergen
95%
10 290,598 Denmark Aarhus
88%
13 212,660 Norway Trondheim
88%
11 277,677 Finland Turku
84%
18 139,875 Iceland Reykjavík
83%
17 148,682 Norway Stavanger
83%
7 341,696 Finland Tampere
81%
23 120,914 Denmark Aalborg
80%
15 182,387 Denmark Odense
78%
16 177,074 Sweden Uppsala
78%
14 205,137 Finland Oulu
76%
83 41,915 Norway Tromsø
75%
25 115,672 Sweden Linköping
70%
8 314,024 Finland Espoo
69%
27 113,816 Sweden Helsingborg
66%
28 112,766 Sweden Jönköping
66%
31 97,854 Sweden Norrköping
64%
26 115,569 Norway Kristiansand
62%
22 125,817 Sweden Örebro
61%
34 90,412 Sweden Umeå
61%
32 94,393 Sweden Lund
59%
29 104,487 Norway Drammen
56%
21 127,799 Sweden Västerås
54%
81 42,831 Norway Bodø
52%
70 49,123 Sweden Luleå
52%
59 53,604 Finland Rovaniemi
50%
24 119,469 Finland Lahti
49%
43 71,579 Denmark Esbjerg
47%
20 128,911 Finland Jyväskylä
47%
12 247,443 FInland Vantaa
47%
47 67,789 Finland Vaasa
46%
58 55,386 Norway Ålesund
45%
84 41,388 Sweden Kalmar
44%
39 77,586 Sweden Gävle
43%
33 91,243 Finland Kuopio
43%
49 64,057 Denmark Randers
42%
48 65,856 Sweden Karlstad
41%
45 71,009 Sweden Växjö
41%
36 85,044 Norway Fredrikstad
40%
61 52,580 Denmark Roskilde
38%
60 52,797 Sweden Östersund
37%
37 83,479 Finland Pori
35%
54 58,807 Sweden Sundsvall
35%
41 73,980 Sweden Borås
34%
72 47,563 Denmark Helsingør
34%
46 70,342 Sweden Eskilstuna
33%
44 71,316 Sweden Halmstad
32%
51 62,338 Denmark Kolding
32%
85 41,299 Sweden Kristianstad
31%
67 50,400 Finland Kotka
30%
63 51,193 Denmark Herning
29%
40 75,773 Sweden Södertälje
29%
52 61,310 Denmark Vejle
28%
50 63,162 Denmark Horsens
27%
42 72,621 Finland Joensuu
26%
82 42,234 Denmark Viborg
26%
95 36,904 Sweden Karlskrona
25%
89 38,749 Sweden Falun
24%
68 50,374 Sweden Trollhättan
24%
35 89,684 Norway Lillestrøm
23%
38 83,382 Norway Sandnes
23%
56 55,924 Norway Skien
23%
80 43,202 Sweden Borlänge
22%
88 38,780 Sweden Nyköping
22%
97 36,395 Sweden Skellefteå
22%
75 46,359 Norway Haugesund
21%
55 56,075 Finland Lappeenranta
21%
92 37,218 Finland Mikkeli
21%
73 47,391 Finland Kouvola
20%
69 49,428 Norway Moss
20%
74 46,453 Norway Sandefjord
20%
19 129,874 Norway Bærum
19%
86 41,243 Denmark Fredericia
19%
53 59,038 Norway Sarpsborg
19%
65 50,866 Denmark Silkeborg
19%
57 55,387 Norway Tønsberg
19%
90 38,588 Denmark Køge
18%
30 98,815 Norway Asker
17%
64 50,975 Finland Hämeenlinna
17%
76 44,996 Denmark Næstved
17%
66 50,610 Finland Porvoo
16%
77 44,856 Norway Arendal
15%
93 37,056 Norway Porsgrunn
15%
96 36,887 Finland Kokkola
14%
87 39,543 Sweden Skövde
14%
94 37,022 Denmark Holstebro
13%
100 36,019 Sweden Varberg
13%
99 36,043 Denmark Hillerød
12%
91 37,959 Iceland Kópavogur
12%
62 51,300 Finland Seinäjoki
11%
71 47,836 Denmark Hørsholm
9%
79 43,262 Finland Hyvinkää
7%
78 44,091 Sweden Lidingö
7%
98 36,193 Denmark Taastrup
7%
No matching quizzes found
Score Distribution
Percent of People with Each Score
Percentile by Number Answered
Your Score History
You have not taken this quiz